[Event "82nd Tata Steel Qualifiers 2020"]
[Site "Wijk aan Zee"]
[Date "2020.01.26"]
[Round "9.4"]
[White "Suleymanli, Aydin"]
[Black "De Boer, Eelke"]
[Result "1/2-1/2"]
[WhiteElo "2473"]
[BlackElo "2324"]
[Annotator "ChessBase"]
[PlyCount "135"]
[EventDate "2020.01.18"]
[EventCountry "NED"]
[SourceTitle "playchess.com"]
[Source "ChessBase"]
[SourceQuality "1"]
[TimeControl "40/6000+30:20/3000+30:900+30"]

1. d4 {[%emt 0:00:00]} Nf6 {[%emt 0:00:00]} 2. c4 {[%emt 0:00:00]} g6 {[%emt 0:00:00]} 3. g3 {[%emt 0:00:00]} Bg7 {[%emt 0:00:00]} 4. Bg2 {[%emt 0:00:00]} O-O {[%emt 0:00:00]} 5. Nc3 {[%emt 0:00:00]} d6 {[%emt 0:00:01]} 6. Nf3 {[%emt 0:00:00]} Nc6 {[%emt 0:00:07]} 7. O-O {[%emt 0:00:00]} e5 {[%emt 0:00:27]} 8. dxe5 {[%emt 0:01:36]} dxe5 {[%emt 0:01:03]} 9. Bg5 {[%emt 0:00:18]} Be6 {[%emt 0:00:07]} 10. Qa4 {[%emt 0:00:30]} Qc8 {[%emt 0:00:11]} 11. Rfd1 {[%emt 0:03:09]} Nd7 {[%emt 0:00:30]} 12. e4 {[%emt 0:36:46]} Nb6 {[%emt 0:03:05]} 13. Qc2 {[%emt 0:00:07]} Nxc4 {[%emt 0:00:22]} 14. Nd5 {[%emt 0:00:32]} Nb6 {[%emt 0:00:51]} 15. Rac1 {[%emt 0:04:52]} f6 {[%emt 0:06:18]} 16. Be3 {[%emt 0:01:23]} Rf7 {[%emt 0:00:50]} 17. b4 {[%emt 0:05:21]} Bf8 {[%emt 0:12:31]} 18. a3 {[%emt 0:03:21]} Bd6 {[%emt 0:08:15]} 19. Bxb6 {[%emt 0:04:59]} axb6 {[%emt 0:06:50]} 20. Nxb6 {[%emt 0:00:07]} cxb6 {[%emt 0:00:06]} 21. Rxd6 {[%emt 0:00:05]} b5 {[%emt 0:00:51]} 22. Qc3 {[%emt 0:14:45]} Bg4 {[%emt 0:13:28]} 23. Rd5 {[%emt 0:11:30]} Rd7 {[%emt 0:00:58]} 24. Rxb5 {[%emt 0:21:27]} Qd8 {[%emt 0:03:18]} 25. h3 {[%emt 0:00:36]} Be6 {[%emt 0:04:26]} 26. Bf1 {[%emt 0:00:06]} Na7 {[%emt 0:25:02]} 27. Rc5 {[%emt 0:00:41]} Rd1 {[%emt 0:04:00]} 28. Kg2 {[%emt 0:01:00]} b6 {[%emt 0:01:20]} 29. Rc7 {[%emt 0:00:48]} Rxf1 {[%emt 0:00:18]} 30. Rxa7 {[%emt 0:00:30]} Rxc1 {[%emt 0:04:01]} 31. Rxa8 {[%emt 0:00:02]} Qxa8 {[%emt 0:00:07]} 32. Qxc1 {[%emt 0:00:06]} Qxe4 {[%emt 0:00:23]} 33. Qe3 {[%emt 0:00:51]} Bd5 {[%emt 0:00:16]} 34. Qxe4 {[%emt 0:00:02]} Bxe4 {[%emt 0:00:09]} 35. g4 {[%emt 0:00:02]} f5 {[%emt 0:00:12]} 36. gxf5 {[%emt 0:00:02]} gxf5 {[%emt 0:00:13]} 37. Kg3 {[%emt 0:00:03]} f4+ {[%emt 0:00:12]} 38. Kg4 {[%emt 0:00:02]} h5+ {[%emt 0:00:29]} 39. Kxh5 {[%emt 0:00:07]} Bxf3+ {[%emt 0:00:17]} 40. Kg5 {[%emt 0:00:02]} Bg2 {[%emt 0:15:18]} 41. Kf5 {[%emt 0:50:38]} Bxh3+ {[%emt 0:15:11]} 42. Kxe5 {[%emt 0:00:00]} Bd7 {[%emt 0:00:37]} 43. Kxf4 {[%emt 0:00:00]} Kf7 {[%emt 0:00:11]} 44. Ke5 {[%emt 0:00:00]} Ba4 {[%emt 0:00:08]} 45. Kd6 {[%emt 0:00:00]} b5 {[%emt 0:00:06]} 46. Ke5 {[%emt 0:00:00]} Bc2 {[%emt 0:00:25]} 47. f4 {[%emt 0:00:00]} Ke7 {[%emt 0:00:38]} 48. Kd4 {[%emt 0:00:00]} Kf6 {[%emt 0:00:21]} 49. Kc3 {[%emt 0:00:00]} Ba4 {[%emt 0:04:06]} 50. Kd4 {[%emt 0:00:00]} Kf5 {[%emt 0:18:49]} 51. Ke3 {[%emt 0:00:00]} Bb3 {[%emt 0:00:15]} 52. Kf3 {[%emt 0:00:00]} Ke6 {[%emt 0:05:54]} 53. Ke4 {[%emt 0:00:00]} Kd6 {[%emt 0:00:16]} 54. Kd4 {[%emt 0:00:00]} Bc2 {[%emt 0:01:13]} 55. Kc3 {[%emt 0:00:00]} Bd1 {[%emt 0:00:05]} 56. Kd4 {[%emt 0:00:00]} Ke6 {[%emt 0:02:33]} 57. Ke4 {[%emt 0:00:00]} Bc2+ {[%emt 0:00:33]} 58. Kd4 {[%emt 0:00:00]} Kf5 {[%emt 0:00:09]} 59. Ke3 {[%emt 0:00:00]} Kg4 {[%emt 0:00:16]} 60. Kd2 {[%emt 0:00:00]} Bb3 {[%emt 0:00:05]} 61. Ke3 {[%emt 0:00:00]} Ba2 {[%emt 0:17:46]} 62. a4 {[%emt 0:00:00]} bxa4 {[%emt 0:00:04]} 63. Kd4 {[%emt 0:00:00]} Kxf4 {[%emt 0:00:07]} 64. Kc3 {[%emt 0:00:00]} a3 {[%emt 0:00:09]} 65. b5 {[%emt 0:00:00]} Bc4 {[%emt 0:00:10]} 66. Kc2 {[%emt 0:00:00]} Bd3+ {[%emt 0:00:20]} 67. Kb3 {[%emt 0:00:00]} Bxb5 {[%emt 0:00:05]} 68. Kxa3 {[%emt 0:00:00]} 1/2-1/2

[Event "82nd Tata Steel Qualifiers 2020"]
[Site "Wijk aan Zee"]
[Date "2020.01.26"]
[Round "9.5"]
[White "Beerdsen, Thomas"]
[Black "Slingerland, Fred"]
[Result "1-0"]
[WhiteElo "2495"]
[BlackElo "2333"]
[Annotator "ChessBase"]
[PlyCount "75"]
[EventDate "2020.01.18"]
[EventCountry "NED"]
[SourceTitle "playchess.com"]
[Source "ChessBase"]
[SourceQuality "1"]
[TimeControl "40/6000+30:20/3000+30:900+30"]

1. e4 {[%emt 0:00:00]} c5 {[%emt 0:00:00]} 2. Nf3 {[%emt 0:00:00]} d6 {[%emt 0:00:00]} 3. d4 {[%emt 0:00:00]} cxd4 {[%emt 0:00:00]} 4. Nxd4 {[%emt 0:00:00]} Nf6 {[%emt 0:00:00]} 5. Nc3 {[%emt 0:00:00]} Nc6 {[%emt 0:00:00]} 6. Bg5 {[%emt 0:00:00]} e6 {[%emt 0:00:00]} 7. Qd2 {[%emt 0:00:14]} a6 {[%emt 0:00:02]} 8. O-O-O {[%emt 0:00:16]} Bd7 {[%emt 0:00:08]} 9. f4 {[%emt 0:00:15]} b5 {[%emt 0:00:04]} 10. Bxf6 {[%emt 0:00:26]} gxf6 {[%emt 0:00:04]} 11. Kb1 {[%emt 0:00:07]} Qb6 {[%emt 0:00:27]} 12. Nxc6 {[%emt 0:00:06]} Bxc6 {[%emt 0:00:02]} 13. f5 {[%emt 0:00:10]} Qc5 {[%emt 0:01:37]} 14. fxe6 {[%emt 0:03:10]} fxe6 {[%emt 0:00:03]} 15. Bd3 {[%emt 0:04:57]} O-O-O {[%emt 0:00:12]} 16. Rhf1 {[%emt 0:01:41]} Bg7 {[%emt 0:00:16]} 17. Ne2 {[%emt 0:00:53]} Rhe8 {[%emt 0:00:48]} 18. Nf4 {[%emt 0:01:47]} Kb8 {[%emt 0:03:40]} 19. Qa5 {[%emt 0:08:27]} Rd7 {[%emt 0:04:17]} 20. c3 {[%emt 0:01:07]} Bb7 {[%emt 0:00:20]} 21. Bc2 {[%emt 0:01:13]} Qc7 {[%emt 0:07:02]} 22. Qb4 {[%emt 0:01:36]} Bh6 {[%emt 0:06:20]} 23. Nh5 {[%emt 0:01:54]} Bg7 {[%emt 0:00:26]} 24. Nxf6 {[%emt 0:00:56]} Bxf6 {[%emt 0:00:11]} 25. Rxf6 {[%emt 0:00:05]} d5 {[%emt 0:01:13]} 26. Rf8 {[%emt 0:03:00]} Rxf8 {[%emt 0:00:35]} 27. Qxf8+ {[%emt 0:00:05]} Ka7 {[%emt 0:00:02]} 28. exd5 {[%emt 0:01:28]} Rxd5 {[%emt 0:00:12]} 29. Qf2+ {[%emt 0:03:33]} Ka8 {[%emt 0:00:36]} 30. Rxd5 {[%emt 0:00:19]} Bxd5 {[%emt 0:00:05]} 31. g3 {[%emt 0:04:16]} e5 {[%emt 0:01:20]} 32. Qf5 {[%emt 0:01:57]} Qc4 {[%emt 0:01:40]} 33. Kc1 {[%emt 0:02:07]} Qxa2 {[%emt 0:01:50]} 34. Qxe5 {[%emt 0:01:19]} Qc4 {[%emt 0:03:45]} 35. Bxh7 {[%emt 0:02:39]} b4 {[%emt 0:01:19]} 36. Kd2 {[%emt 0:10:41]} a5 {[%emt 0:02:15]} 37. Bd3 {[%emt 0:00:49]} Qb3 {[%emt 0:01:40]} 38. c4 {[%emt 0:01:40]} 1-0